|
|
|
|
| LEADER |
01072nam a2200253 a 4500 |
| 001 |
4555214 |
| 008 |
100413r19751972enk b 001 0 eng d |
| 010 |
|
|
|a 72182432
|
| 020 |
|
|
|a 0719006376
|
| 020 |
|
|
|a 0719004322
|
| 040 |
|
|
|a DLC
|c DLC
|d DLC
|d BD-DhAAL
|
| 082 |
0 |
0 |
|a 301.35/09438
|2 16
|
| 100 |
1 |
|
|a Gałęski, Bogusław.
|
| 245 |
1 |
0 |
|a Basic concepts of rural sociology;
|c translated from the Polish by H. C. Stevens, edited by Teodor Shanin and Peter Worsley with the assistance of Ann Allen.
|
| 260 |
|
|
|a Manchester,
|b Manchester University Press,
|c 1972.[Reprinted 1975]
|
| 300 |
|
|
|a xvi, 209 p.
|c 23 cm.
|
| 500 |
|
|
|a Revised translation of Socjologia wsi: pojecia podstawowe.
|
| 504 |
|
|
|a Includes bibliographical references.
|
| 541 |
1 |
|
|e 00000193
|
| 651 |
|
0 |
|a Poland
|x Rural conditions.
|
| 650 |
|
0 |
|a Sociology, Rural
|z Poland.
|
| 852 |
4 |
|
|a Ayesha Abed Library
|j General shelf
|
| 999 |
|
|
|c 8167
|d 8167
|
| 952 |
|
|
|0 0
|1 0
|2 ddc
|4 0
|6 301_350943800000000_GAL_1975
|7 0
|9 9320
|a BRACUL
|b BRACUL
|c GEN
|d 2010-04-20
|g 525.00
|l 0
|o 301.3509438 GAL
|p 3010000193
|r 2010-04-20
|t 1
|w 2010-04-20
|y BK
|